[Event "2016 Redpath Mining Millionaire Chess Open"]
[Site "Venue: Old Ed’s Sports Complex, Houghton, Johannesburg"]
[Date "2016.07.14"]
[Round "2"]
[Board "16"]
[White "Mndaweni, Mfanafuthi"]
[Black "Marais, Alwyn Johannes"]
[Result "1-0"]
[WhiteElo "1712"]
[BlackElo "1095"]
[PlyCount "0"]
[EventDate "2016.07.13"]
[EventRounds "9"]
[EventCountry "RSA"]

1. b3 {[%clk 1:29:07]} e5 {[%clk 1:30:12]} 2. Bb2 {[%clk 1:29:28]} Nc6
{[%clk 1:29:56]} 3. e3 {[%clk 1:29:35]} d5 {[%clk 1:30:13]} 4. Bb5
{[%clk 1:29:06]} Bd6 {[%clk 1:30:10]} 5. Nf3 {[%clk 1:29:12]} Qe7
{[%clk 1:28:05]} 6. d4 {[%clk 1:28:07]} e4 {[%clk 1:26:58]} 7. Ne5
{[%clk 1:27:35]} Bd7 {[%clk 1:25:57]} 8. Nxd7 {[%clk 1:27:16]} Qxd7
{[%clk 1:26:12]} 9. c4 {[%clk 1:26:13]} a6 {[%clk 1:21:57]} 10. cxd5
{[%clk 1:24:24]} Bb4+ {[%clk 1:17:34]} 11. Nd2 {[%clk 1:23:35]} axb5
{[%clk 1:10:30]} 12. dxc6 {[%clk 1:23:13]} bxc6 {[%clk 1:09:49]} 13. O-O
{[%clk 1:23:04]} Nf6 {[%clk 1:09:31]} 14. Qc2 {[%clk 1:21:40]} Qd5
{[%clk 1:05:23]} 15. Rfc1 {[%clk 1:18:16]} Ra6 {[%clk 1:04:42]} 16. Nf1
{[%clk 1:15:57]} O-O {[%clk 1:01:36]} 17. a4 {[%clk 1:15:53]} Rfa8
{[%clk 0:59:37]} 18. Ng3 {[%clk 1:10:17]} R8a7 {[%clk 0:52:59]} 19. f3
{[%clk 0:57:45]} exf3 {[%clk 0:51:01]} 20. e4 {[%clk 0:57:46]} Qg5
{[%clk 0:49:57]} 21. gxf3 {[%clk 0:56:09]} Nh5 {[%clk 0:43:41]} 22. Qg2
{[%clk 0:50:49]} Nf4 {[%clk 0:40:09]} 23. Qf1 {[%clk 0:50:01]} Nh5
{[%clk 0:38:48]} 24. Rc2 {[%clk 0:47:12]} Nxg3 {[%clk 0:36:24]} 25. hxg3
{[%clk 0:45:34]} Qxg3+ {[%clk 0:36:26]} 26. Rg2 {[%clk 0:44:56]} Qh4
{[%clk 0:35:41]} 27. Rg4 {[%clk 0:41:39]} Qf6 {[%clk 0:35:01]} 28. Qg2
{[%clk 0:40:50]} bxa4 {[%clk 0:33:08]} 29. e5 {[%clk 0:40:46]} Qf5
{[%clk 0:30:43]} 30. Rxg7+ {[%clk 0:37:33]} Kf8 {[%clk 0:28:33]} 31. Rg5
{[%clk 0:37:37]} Qd3 {[%clk 0:28:01]} 32. Rg8+ {[%clk 0:37:28]} Ke7
{[%clk 0:27:42]} 33. Qg5+ {[%clk 0:37:40]} Kd7 {[%clk 0:26:11]} 34. Rd8+
{[%clk 0:37:23]} Ke6 {[%clk 0:26:01]} 35. Qf6# {[%clk 0:37:02]} 1-0

[Event "2016 Redpath Mining Millionaire Chess Open"]
[Site "Venue: Old Ed’s Sports Complex, Houghton, Johannesburg"]
[Date "2016.07.14"]
[Round "2"]
[Board "17"]
[White "Basson, Petrus"]
[Black "Mostert, Gert"]
[Result "1-0"]
[WhiteElo "1679"]
[BlackElo "1457"]
[PlyCount "0"]
[EventDate "2016.07.13"]
[EventRounds "9"]
[EventCountry "RSA"]

1. e4 {[%clk 1:30:51]} d5 {[%clk 1:30:43]} 2. exd5 {[%clk 1:31:01]} Nf6
{[%clk 1:30:30]} 3. Bb5+ {[%clk 1:29:22]} Bd7 {[%clk 1:29:38]} 4. Bc4
{[%clk 1:29:23]} Bg4 {[%clk 1:28:27]} 5. f3 {[%clk 1:28:57]} Bf5 {[%clk 1:26:58]}
6. Nc3 {[%clk 1:28:52]} Nbd7 {[%clk 1:25:43]} 7. Nge2 {[%clk 1:25:39]} Nb6
{[%clk 1:23:12]} 8. Bb5+ {[%clk 1:21:37]} Bd7 {[%clk 1:20:22]} 9. Bxd7+
{[%clk 1:15:40]} Qxd7 {[%clk 1:16:50]} 10. O-O {[%clk 1:14:44]} Nbxd5
{[%clk 1:12:39]} 11. d4 {[%clk 1:11:51]} O-O-O {[%clk 1:09:44]} 12. Ne4
{[%clk 1:09:22]} Qf5 {[%clk 1:03:15]} 13. c4 {[%clk 1:05:48]} Nb6
{[%clk 0:58:23]} 14. Qc2 {[%clk 1:02:07]} e6 {[%clk 0:52:35]} 15. Be3
{[%clk 0:59:31]} Qa5 {[%clk 0:42:04]} 16. a3 {[%clk 0:55:19]} Be7
{[%clk 0:35:05]} 17. b4 {[%clk 0:47:12]} Qa4 {[%clk 0:31:09]} 18. Qa2
{[%clk 0:43:22]} Qc6 {[%clk 0:21:49]} 19. Rac1 {[%clk 0:40:48]} Nxe4
{[%clk 0:20:22]} 20. b5 {[%clk 0:40:45]} Nc3 {[%clk 0:17:48]} 21. Rxc3
{[%clk 0:39:02]} Qd7 {[%clk 0:16:58]} 22. a4 {[%clk 0:36:01]} Bb4
{[%clk 0:15:47]} 23. a5 {[%clk 0:29:35]} Na8 {[%clk 0:14:34]} 24. Rb3
{[%clk 0:28:51]} Be7 {[%clk 0:14:19]} 25. Rd1 {[%clk 0:26:33]} e5
{[%clk 0:13:05]} 26. d5 {[%clk 0:24:00]} b6 {[%clk 0:12:17]} 27. axb6
{[%clk 0:22:57]} cxb6 {[%clk 0:12:23]} 28. Rbd3 {[%clk 0:18:54]} Bd6
{[%clk 0:11:54]} 29. Nc3 {[%clk 0:16:59]} Qc7 {[%clk 0:11:31]} 30. Ne4
{[%clk 0:17:04]} Kd7 {[%clk 0:11:13]} 31. Qa4 {[%clk 0:15:07]} Ke8
{[%clk 0:10:37]} 32. Ra1 {[%clk 0:13:41]} Rd7 {[%clk 0:09:55]} 33. Rc3
{[%clk 0:12:41]} Bc5 {[%clk 0:09:33]} 34. Bxc5 {[%clk 0:11:55]} bxc5
{[%clk 0:09:51]} 35. Qa3 {[%clk 0:11:12]} Qb6 {[%clk 0:07:59]} 36. Qxc5
{[%clk 0:11:18]} Qxc5+ {[%clk 0:08:19]} 37. Nxc5 {[%clk 0:11:41]} Rc7
{[%clk 0:08:42]} 38. Ne4 {[%clk 0:09:39]} Nb6 {[%clk 0:08:40]} 39. Rac1
{[%clk 0:09:40]} Kd7 {[%clk 0:09:01]} 40. d6 {[%clk 0:09:37]} Rcc8
{[%clk 0:09:12]} 41. c5 {[%clk 0:09:47]} Nd5 {[%clk 0:09:18]} 42. c6+
{[%clk 0:09:43]} Ke6 {[%clk 0:08:42]} 43. Rc5 {[%clk 0:08:22]} f6
{[%clk 0:08:30]} 44. d7 {[%clk 0:08:17]} Rc7 {[%clk 0:08:52]} 45. Rxd5
{[%clk 0:08:10]} Kxd5 {[%clk 0:08:47]} 46. Rd1+ {[%clk 0:08:29]} Ke6
{[%clk 0:09:13]} 47. d8=Q {[%clk 0:08:28]} Rxd8 {[%clk 0:09:36]} 48. Rxd8
{[%clk 0:08:49]} Ke7 {[%clk 0:09:59]} 49. Rg8 {[%clk 0:07:51]} f5
{[%clk 0:09:32]} 50. Rxg7+ {[%clk 0:07:53]} Kd8 {[%clk 0:10:00]} 51. Rxc7
{[%clk 0:07:33]} Kxc7 {[%clk 0:10:26]} 52. Nc3 {[%clk 0:07:32]} Kd6
{[%clk 0:10:15]} 53. g4 {[%clk 0:07:49]} fxg4 {[%clk 0:10:30]} 54. fxg4
{[%clk 0:08:17]} a6 {[%clk 0:10:53]} 55. bxa6 {[%clk 0:08:20]} Kxc6
{[%clk 0:11:19]} 56. Kf2 {[%clk 0:08:39]} Kb6 {[%clk 0:11:47]} 57. Ke3
{[%clk 0:08:49]} Kxa6 {[%clk 0:12:13]} 58. Ke4 {[%clk 0:09:13]} Kb6
{[%clk 0:12:38]} 59. Kxe5 {[%clk 0:09:34]} Kc5 {[%clk 0:13:01]} 60. h4
{[%clk 0:09:49]} Kc6 {[%clk 0:13:24]} 61. g5 {[%clk 0:10:09]} Kd7
{[%clk 0:13:47]} 62. Kf6 {[%clk 0:10:25]} Ke8 {[%clk 0:13:57]} 63. Kg7
{[%clk 0:10:49]} Ke7 {[%clk 0:14:22]} 64. h5 {[%clk 0:11:08]} Ke8
{[%clk 0:14:43]} 65. Kxh7 {[%clk 0:11:24]} 1-0

[Event "2016 Redpath Mining Millionaire Chess Open"]
[Site "Venue: Old Ed’s Sports Complex, Houghton, Johannesburg"]
[Date "2016.07.14"]
[Round "2"]
[Board "18"]
[White "Dykema, Dirkho"]
[Black "Baxter, David Jarred"]
[Result "0-1"]
[WhiteElo "1425"]
[BlackElo "1662"]
[PlyCount "0"]
[EventDate "2016.07.13"]
[EventRounds "9"]
[EventCountry "RSA"]

1. d4 {[%clk 1:30:53]} Nf6 {[%clk 1:30:54]} 2. c4 {[%clk 1:31:08]} g6
{[%clk 1:31:21]} 3. Nc3 {[%clk 1:31:22]} d5 {[%clk 1:31:50]} 4. cxd5
{[%clk 1:27:17]} Nxd5 {[%clk 1:31:58]} 5. e4 {[%clk 1:27:39]} Nxc3
{[%clk 1:32:10]} 6. bxc3 {[%clk 1:28:02]} Bg7 {[%clk 1:32:36]} 7. Bc4
{[%clk 1:24:42]} O-O {[%clk 1:32:34]} 8. Ne2 {[%clk 1:23:09]} c5 {[%clk 1:32:34]}
9. Be3 {[%clk 1:23:02]} Nc6 {[%clk 1:29:56]} 10. O-O {[%clk 1:22:19]} Qc7
{[%clk 1:22:02]} 11. d5 {[%clk 1:20:54]} Ne5 {[%clk 1:19:29]} 12. Qb3
{[%clk 1:18:37]} a6 {[%clk 1:15:50]} 13. Bf4 {[%clk 1:15:18]} b5 {[%clk 1:14:09]}
14. Bxe5 {[%clk 1:14:56]} Bxe5 {[%clk 1:13:26]} 15. f4 {[%clk 1:10:04]} Bg7
{[%clk 1:13:13]} 16. Bxb5 {[%clk 1:09:41]} axb5 {[%clk 1:13:18]} 17. Rac1
{[%clk 1:09:08]} Qa5 {[%clk 1:08:27]} 18. Rc2 {[%clk 1:08:17]} Bd7
{[%clk 1:03:42]} 19. e5 {[%clk 1:06:51]} Qa3 {[%clk 0:50:02]} 20. Rd1
{[%clk 1:06:01]} Qxb3 {[%clk 0:45:11]} 21. axb3 {[%clk 1:06:22]} Bg4
{[%clk 0:45:14]} 22. h3 {[%clk 1:06:17]} Bxe2 {[%clk 0:45:38]} 23. Rxe2
{[%clk 1:06:41]} Ra3 {[%clk 0:45:25]} 24. Rb2 {[%clk 1:07:03]} Rd8
{[%clk 0:37:48]} 25. Kf2 {[%clk 1:06:44]} f6 {[%clk 0:36:10]} 26. d6
{[%clk 1:06:05]} exd6 {[%clk 0:36:17]} 27. exd6 {[%clk 1:06:14]} Bf8
{[%clk 0:33:50]} 28. d7 {[%clk 1:06:30]} c4 {[%clk 0:29:29]} 29. bxc4
{[%clk 1:06:29]} bxc4 {[%clk 0:27:32]} 30. Rc2 {[%clk 1:06:07]} Kf7
{[%clk 0:26:59]} 31. g4 {[%clk 1:05:56]} Bc5+ {[%clk 0:27:05]} 32. Kg2
{[%clk 1:05:20]} Ra7 {[%clk 0:21:24]} 33. Rcd2 {[%clk 1:05:27]} Be3
{[%clk 0:21:43]} 34. Rd5 {[%clk 1:05:51]} Bxf4 {[%clk 0:21:51]} 35. Kf3
{[%clk 1:06:13]} Be5 0-1

[Event "2016 Redpath Mining Millionaire Chess Open"]
[Site "Venue: Old Ed’s Sports Complex, Houghton, Johannesburg"]
[Date "2016.07.14"]
[Round "2"]
[Board "19"]
[White "Correia, Adelino"]
[Black "Claassen, Jean-Daniel"]
[Result "1-0"]
[WhiteElo "1649"]
[BlackElo "1436"]
[PlyCount "0"]
[EventDate "2016.07.13"]
[EventRounds "9"]
[EventCountry "RSA"]

1. e4 {[%clk 1:28:18]} c5 {[%clk 1:30:52]} 2. Nf3 {[%clk 1:28:38]} g6
{[%clk 1:30:57]} 3. c3 {[%clk 1:28:45]} Nc6 {[%clk 1:31:14]} 4. Bb5
{[%clk 1:29:13]} Bg7 {[%clk 1:31:25]} 5. O-O {[%clk 1:29:26]} e6 {[%clk 1:31:11]}
6. d4 {[%clk 1:29:51]} cxd4 {[%clk 1:31:31]} 7. cxd4 {[%clk 1:30:16]} Qb6
{[%clk 1:31:27]} 8. Bxc6 {[%clk 1:30:30]} bxc6 {[%clk 1:31:10]} 9. Nc3
{[%clk 1:30:17]} d5 {[%clk 1:31:30]} 10. exd5 {[%clk 1:30:43]} cxd5
{[%clk 1:31:52]} 11. Na4 {[%clk 1:29:34]} Qb5 {[%clk 1:31:33]} 12. Bf4
{[%clk 1:28:55]} Ne7 {[%clk 1:30:31]} 13. Bd6 {[%clk 1:29:23]} Nf5
{[%clk 1:30:24]} 14. Ba3 {[%clk 1:27:40]} Ba6 {[%clk 1:25:02]} 15. Re1
{[%clk 1:26:17]} Qc4 {[%clk 1:24:25]} 16. Rc1 {[%clk 1:26:08]} Qd3
{[%clk 1:20:57]} 17. Nc3 {[%clk 1:26:03]} Nxd4 {[%clk 1:20:42]} 18. Qa4+
{[%clk 1:23:42]} Bb5 {[%clk 1:19:07]} 19. Qb4 {[%clk 1:23:31]} Bf6
{[%clk 1:13:44]} 20. Nxd4 {[%clk 1:22:33]} Qxd4 {[%clk 1:13:49]} 21. Qxb5+
{[%clk 1:22:59]} Kd8 {[%clk 1:14:08]} 22. Qc6 {[%clk 1:20:14]} Rc8
{[%clk 1:14:12]} 23. Qd6+ {[%clk 1:19:55]} Ke8 {[%clk 1:14:32]} 24. Nb5
{[%clk 1:20:00]} Rxc1 {[%clk 1:14:18]} 25. Rxc1 {[%clk 1:20:28]} Qb6
{[%clk 1:11:52]} 26. Rc8+ {[%clk 1:20:46]} Bd8 {[%clk 1:12:05]} 27. Qe7#
{[%clk 1:20:40]} 1-0

[Event "2016 Redpath Mining Millionaire Chess Open"]
[Site "Venue: Old Ed’s Sports Complex, Houghton, Johannesburg"]
[Date "2016.07.14"]
[Round "2"]
[Board "20"]
[White "Nyathi, Musa"]
[Black "Oberholzer, Marni"]
[Result "1/2-1/2"]
[WhiteElo "1366"]
[BlackElo "1643"]
[PlyCount "0"]
[EventDate "2016.07.13"]
[EventRounds "9"]
[EventCountry "RSA"]

1. d4 {[%clk 1:29:40]} d5 {[%clk 1:30:40]} 2. e3 {[%clk 1:29:53]} c6
{[%clk 1:30:51]} 3. Bd3 {[%clk 1:29:36]} Nf6 {[%clk 1:30:41]} 4. f4
{[%clk 1:29:59]} Bg4 {[%clk 1:30:03]} 5. Nf3 {[%clk 1:30:08]} e6 {[%clk 1:29:13]}
6. O-O {[%clk 1:27:12]} Nbd7 {[%clk 1:25:56]} 7. Nbd2 {[%clk 1:26:15]} Be7
{[%clk 1:22:34]} 8. Qe1 {[%clk 1:26:07]} Bxf3 {[%clk 1:20:10]} 9. Nxf3
{[%clk 1:25:32]} Ne4 {[%clk 1:18:54]} 10. Bxe4 {[%clk 1:25:25]} dxe4
{[%clk 1:18:58]} 11. Ne5 {[%clk 1:24:55]} f5 {[%clk 1:12:57]} 12. Nxd7
{[%clk 1:23:44]} Qxd7 {[%clk 1:12:42]} 13. Bd2 {[%clk 1:24:00]} O-O
{[%clk 1:11:28]} 14. Qe2 {[%clk 1:23:52]} Rac8 {[%clk 1:00:26]} 15. c3
{[%clk 1:19:29]} Rfd8 {[%clk 0:53:33]} 16. g4 {[%clk 1:16:09]} Qe8
{[%clk 0:51:25]} 17. gxf5 {[%clk 1:16:02]} exf5 {[%clk 0:50:47]} 18. Kh1
{[%clk 1:15:46]} Rd6 {[%clk 0:49:27]} 19. Rg1 {[%clk 1:14:34]} Rg6
{[%clk 0:45:35]} 20. c4 {[%clk 1:12:57]} Qf7 {[%clk 0:40:09]} 21. Bc3
{[%clk 1:12:17]} Rd8 {[%clk 0:37:46]} 22. c5 {[%clk 1:09:34]} Bf6
{[%clk 0:34:17]} 23. b3 {[%clk 1:08:04]} Rh6 {[%clk 0:32:10]} 24. Ba5
{[%clk 1:07:26]} Rd7 {[%clk 0:31:59]} 25. Rg2 {[%clk 1:05:57]} Qh5
{[%clk 0:30:30]} 26. Qxh5 {[%clk 1:05:43]} Rxh5 {[%clk 0:30:53]} 27. a4
{[%clk 1:05:58]} Rh3 {[%clk 0:28:55]} 28. Rg3 {[%clk 1:05:55]} Rxg3
{[%clk 0:27:43]} 29. hxg3 {[%clk 1:06:18]} Kf7 {[%clk 0:25:54]} 30. Kg2
{[%clk 1:06:03]} Ke6 {[%clk 0:25:41]} 31. Kf2 {[%clk 1:05:48]} h6
{[%clk 0:24:55]} 32. Rh1 {[%clk 1:05:57]} Bd8 {[%clk 0:23:07]} 33. Bxd8
{[%clk 1:05:47]} Rxd8 34. a5 b6 {[%clk 0:21:45]} 35. axb6 {[%clk 1:05:03]} axb6
36. Rc1 Rb8 {[%clk 0:20:17]} 37. cxb6 {[%clk 1:02:37]} Rxb6 {[%clk 0:19:24]} 38.
Rc3 {[%clk 1:00:03]} g6 39. Ke2 Kd6 {[%clk 0:18:45]} 40. Kd2 {[%clk 0:59:53]} Ra6
{[%clk 0:18:50]} 41. Rc2 {[%clk 0:59:31]} Ra1 {[%clk 0:18:47]} 42. Rc1
{[%clk 0:59:54]} Ra3 {[%clk 0:18:53]} 43. Rc3 {[%clk 1:00:01]} Ra8
{[%clk 0:18:55]} 44. Rc1 {[%clk 1:00:18]} Ra7 {[%clk 0:17:51]} 45. Rc2
{[%clk 1:00:02]} Ra1 {[%clk 0:15:30]} 46. Rc1 {[%clk 0:59:47]} Ra2+
{[%clk 0:15:30]} 47. Rc2 {[%clk 1:00:09]} Ra1 {[%clk 0:14:25]} 48. Rc1
{[%clk 1:00:34]} Rxc1 49. Kxc1 g5 50. fxg5 hxg5 51. Kd2 Kd5 52. Kc3 f4 53. gxf4
gxf4 54. exf4 e3 1/2-1/2

[Event "2016 Redpath Mining Millionaire Chess Open"]
[Site "Venue: Old Ed’s Sports Complex, Houghton, Johannesburg"]
[Date "2016.07.14"]
[Round "2"]
[Board "21"]
[White "Goldberg, Shmuel"]
[Black "Schmidt, Nadia Esmeralda"]
[Result "1-0"]
[WhiteElo "1597"]
[BlackElo "1394"]
[PlyCount "0"]
[EventDate "2016.07.13"]
[EventRounds "9"]
[EventCountry "RSA"]

1. d4 {[%clk 1:30:57]} g6 {[%clk 1:30:50]} 2. c4 {[%clk 1:31:24]} Bg7
{[%clk 1:31:10]} 3. Nc3 {[%clk 1:31:48]} d6 {[%clk 1:31:25]} 4. e4
{[%clk 1:32:12]} Nd7 {[%clk 1:31:37]} 5. Be2 {[%clk 1:30:36]} e5 {[%clk 1:31:05]}
6. Nf3 {[%clk 1:30:48]} Ngf6 {[%clk 1:27:45]} 7. O-O {[%clk 1:29:41]} O-O
{[%clk 1:27:27]} 8. d5 {[%clk 1:26:53]} a6 {[%clk 1:26:48]} 9. Ne1
{[%clk 1:24:47]} Re8 {[%clk 1:22:39]} 10. Bg5 {[%clk 1:10:37]} h6
{[%clk 1:22:08]} 11. Bh4 {[%clk 1:10:58]} g5 {[%clk 1:17:17]} 12. Bg3
{[%clk 1:10:50]} Nc5 {[%clk 1:15:43]} 13. f3 {[%clk 1:07:05]} Nh5
{[%clk 1:11:12]} 14. Bf2 {[%clk 1:06:19]} b6 {[%clk 1:06:41]} 15. b4
{[%clk 0:58:37]} Nd7 {[%clk 1:04:57]} 16. g3 {[%clk 0:57:23]} Nhf6
{[%clk 1:02:11]} 17. Nd3 {[%clk 0:57:03]} Nh7 {[%clk 0:56:07]} 18. Qd2
{[%clk 0:54:59]} Ndf8 {[%clk 0:53:21]} 19. Rfc1 {[%clk 0:54:54]} Ng6
{[%clk 0:51:33]} 20. c5 {[%clk 0:54:06]} bxc5 21. bxc5 {[%clk 0:54:22]} Bd7
{[%clk 0:44:02]} 22. Rab1 {[%clk 0:53:09]} Qe7 {[%clk 0:39:45]} 23. Rb7
{[%clk 0:52:02]} Bc8 {[%clk 0:38:52]} 24. cxd6 {[%clk 0:50:28]} Qxd6
{[%clk 0:38:36]} 25. Rb2 {[%clk 0:50:26]} Bd7 {[%clk 0:33:29]} 26. Nc5
{[%clk 0:46:21]} a5 {[%clk 0:31:33]} 27. Nxd7 {[%clk 0:45:24]} Qxd7
{[%clk 0:31:33]} 28. Bb5 {[%clk 0:45:46]} Qd8 {[%clk 0:30:16]} 29. Bxe8
{[%clk 0:46:05]} Qxe8 {[%clk 0:30:36]} 30. Nb5 {[%clk 0:46:24]} Rc8
{[%clk 0:27:58]} 31. Qxa5 {[%clk 0:44:50]} Qd7 {[%clk 0:26:42]} 32. Rxc7
{[%clk 0:44:58]} Rxc7 {[%clk 0:26:30]} 33. Qxc7 {[%clk 0:45:22]} Ngf8
{[%clk 0:25:50]} 34. a4 {[%clk 0:44:53]} Qxc7 {[%clk 0:25:15]} 35. Nxc7
{[%clk 0:45:11]} Nd7 {[%clk 0:25:25]} 36. a5 {[%clk 0:45:30]} Bf8
{[%clk 0:24:54]} 37. a6 {[%clk 0:45:25]} Bc5 {[%clk 0:25:34]} 38. Bxc5
{[%clk 0:46:02]} Nxc5 {[%clk 0:25:52]} 39. a7 {[%clk 0:46:02]} Kg7
{[%clk 0:26:00]} 40. a8=Q {[%clk 0:46:05]} Nf8 {[%clk 0:26:12]} 41. Rb6
{[%clk 0:45:35]} Nfd7 {[%clk 0:26:24]} 42. Ne8+ {[%clk 0:45:44]} Kh7
{[%clk 0:26:41]} 43. Qc6 {[%clk 0:45:59]} Kg8 {[%clk 0:26:56]} 44. Qxh6
{[%clk 0:46:34]} Ne6 45. Rxe6 {[%clk 0:46:34]} fxe6 {[%clk 0:27:31]} 46. Qg7#
{[%clk 0:46:57]} 1-0

[Event "2016 Redpath Mining Millionaire Chess Open"]
[Site "Venue: Old Ed’s Sports Complex, Houghton, Johannesburg"]
[Date "2016.07.14"]
[Round "2"]
[Board "22"]
[White "Odendaal, Ruben Lourens"]
[Black "Moremi, Thato"]
[Result "0-1"]
[WhiteElo "1300"]
[BlackElo "1576"]
[PlyCount "0"]
[EventDate "2016.07.13"]
[EventRounds "9"]
[EventCountry "RSA"]

1. e4 {[%clk 1:30:28]} e6 {[%clk 1:30:43]} 2. d4 {[%clk 1:30:37]} d5
{[%clk 1:30:34]} 3. e5 {[%clk 1:29:40]} c5 {[%clk 1:25:07]} 4. c3
{[%clk 1:28:20]} Nc6 {[%clk 1:25:12]} 5. Be3 {[%clk 1:28:35]} Qb6
{[%clk 1:21:39]} 6. Qd2 {[%clk 1:27:32]} a6 {[%clk 1:19:36]} 7. f4
{[%clk 1:26:48]} Nh6 {[%clk 1:16:40]} 8. Nf3 {[%clk 1:26:54]} Ng4
{[%clk 1:16:19]} 9. dxc5 {[%clk 1:25:50]} Bxc5 {[%clk 1:16:19]} 10. Bxc5
{[%clk 1:25:56]} Qxc5 {[%clk 1:16:37]} 11. Nd4 {[%clk 1:24:56]} Bd7
{[%clk 1:15:54]} 12. Be2 {[%clk 1:24:46]} Nh6 {[%clk 1:15:51]} 13. Na3
{[%clk 1:18:07]} Rc8 {[%clk 1:11:10]} 14. O-O {[%clk 1:11:46]} Nf5
{[%clk 1:11:01]} 15. Nac2 {[%clk 1:12:06]} Ncxd4 {[%clk 1:06:00]} 16. Nxd4
{[%clk 1:12:21]} Nxd4 {[%clk 1:06:21]} 17. cxd4 {[%clk 1:12:15]} Qc2
{[%clk 1:05:48]} 18. Rfd1 {[%clk 1:11:13]} O-O {[%clk 1:04:11]} 19. Bd3
{[%clk 1:09:38]} Qxd2 {[%clk 1:01:56]} 20. Rxd2 {[%clk 1:10:05]} Rc7
{[%clk 1:02:17]} 21. Rc2 {[%clk 1:09:39]} Rxc2 {[%clk 1:02:23]} 22. Bxc2
{[%clk 1:09:58]} Rc8 {[%clk 1:02:48]} 23. Rc1 {[%clk 1:09:07]} Rc4
{[%clk 1:02:20]} 24. g3 {[%clk 1:06:39]} Rxd4 {[%clk 1:02:39]} 25. Bb3
{[%clk 1:05:19]} Kf8 {[%clk 0:59:38]} 26. Rd1 {[%clk 1:02:41]} Rb4
{[%clk 0:57:59]} 27. Rc1 {[%clk 1:02:47]} a5 {[%clk 0:57:26]} 28. Rc7
{[%clk 1:01:41]} Bc6 {[%clk 0:53:08]} 29. Rc8+ {[%clk 1:01:39]} Be8
{[%clk 0:51:37]} 30. Bc2 {[%clk 1:00:06]} Rxb2 {[%clk 0:50:14]} 31. Ba4
{[%clk 1:00:32]} b5 {[%clk 0:50:28]} 32. Rb8 {[%clk 0:59:41]} Rb4
{[%clk 0:49:41]} 33. Bc2 {[%clk 0:59:09]} a4 {[%clk 0:46:29]} 34. Bxh7
{[%clk 0:58:53]} g6 0-1

[Event "2016 Redpath Mining Millionaire Chess Open"]
[Site "Venue: Old Ed’s Sports Complex, Houghton, Johannesburg"]
[Date "2016.07.14"]
[Round "2"]
[Board "23"]
[White "Grobbelaar, Jacqui"]
[Black "Ndlovu, Talia"]
[Result "1/2-1/2"]
[WhiteElo "1550"]
[BlackElo "1203"]
[PlyCount "0"]
[EventDate "2016.07.13"]
[EventRounds "9"]
[EventCountry "RSA"]

1. e4 {[%clk 1:30:57]} c6 {[%clk 1:30:53]} 2. d4 {[%clk 1:31:23]} d5
{[%clk 1:31:08]} 3. e5 {[%clk 1:31:45]} Bf5 {[%clk 1:31:27]} 4. g4
{[%clk 1:32:10]} Bg6 {[%clk 1:29:45]} 5. Ne2 {[%clk 1:30:34]} e6 {[%clk 1:29:08]}
6. Ng3 {[%clk 1:29:29]} Nd7 {[%clk 1:27:31]} 7. h4 {[%clk 1:28:39]} h6
{[%clk 1:26:07]} 8. h5 {[%clk 1:27:23]} Bh7 {[%clk 1:25:37]} 9. Be3
{[%clk 1:27:19]} Qb6 {[%clk 1:21:54]} 10. Qc1 {[%clk 1:26:39]} c5
{[%clk 1:20:11]} 11. c3 {[%clk 1:24:54]} O-O-O {[%clk 1:19:55]} 12. Nd2
{[%clk 1:23:44]} Kb8 {[%clk 1:18:58]} 13. a4 {[%clk 1:22:05]} Rc8
{[%clk 1:16:00]} 14. Bb5 {[%clk 1:11:13]} Qc7 {[%clk 1:13:25]} 15. Nb3
{[%clk 1:01:38]} cxd4 {[%clk 1:10:45]} 16. Bxd7 {[%clk 1:01:16]} Qxd7
{[%clk 1:10:03]} 17. Bxd4 {[%clk 1:01:04]} Ne7 {[%clk 1:09:33]} 18. Nc5
{[%clk 0:59:53]} Qc7 {[%clk 1:09:00]} 19. b4 {[%clk 0:58:22]} Nc6
{[%clk 1:08:43]} 20. Qe3 {[%clk 0:58:04]} Be7 {[%clk 1:01:11]} 21. b5
{[%clk 0:53:49]} Nxd4 {[%clk 0:58:25]} 22. cxd4 Bxc5 23. dxc5 {[%clk 0:50:26]}
Qxc5 {[%clk 0:58:19]} 24. Qxc5 Rxc5 {[%clk 0:58:39]} 25. O-O {[%clk 0:50:39]}
Rhc8 {[%clk 0:58:24]} 26. f4 {[%clk 0:49:25]} 1/2-1/2

[Event "2016 Redpath Mining Millionaire Chess Open"]
[Site "Venue: Old Ed’s Sports Complex, Houghton, Johannesburg"]
[Date "2016.07.14"]
[Round "2"]
[Board "24"]
[White "Claassen, Gabriella"]
[Black "Waters, Anre"]
[Result "0-1"]
[WhiteElo "1122"]
[BlackElo "1537"]
[PlyCount "0"]
[EventDate "2016.07.13"]
[EventRounds "9"]
[EventCountry "RSA"]

1. d4 {[%clk 1:30:56]} Nf6 {[%clk 1:30:28]} 2. Nf3 {[%clk 1:31:16]} g6
{[%clk 1:30:50]} 3. Nc3 {[%clk 1:31:34]} Bg7 {[%clk 1:31:10]} 4. e4
{[%clk 1:31:39]} d6 {[%clk 1:31:14]} 5. e5 {[%clk 1:29:00]} dxe5 {[%clk 1:28:58]}
6. Nxe5 {[%clk 1:28:02]} O-O {[%clk 1:26:49]} 7. Be3 {[%clk 1:25:29]} Nbd7
{[%clk 1:20:59]} 8. f4 {[%clk 1:24:13]} Nb6 {[%clk 1:15:34]} 9. Bd3
{[%clk 1:23:09]} Nbd5 {[%clk 1:14:56]} 10. Nxd5 {[%clk 1:21:18]} Nxd5
{[%clk 1:14:54]} 11. Bd2 {[%clk 1:21:05]} Nf6 {[%clk 1:11:40]} 12. Be3
{[%clk 1:21:01]} Nd5 {[%clk 1:10:22]} 13. Bd2 {[%clk 1:20:52]} Nf6
{[%clk 1:06:23]} 14. Be3 {[%clk 1:18:02]} Nd7 {[%clk 1:06:44]} 15. h4
{[%clk 1:17:26]} Nxe5 {[%clk 1:06:20]} 16. fxe5 {[%clk 1:17:45]} Qd5
{[%clk 1:04:13]} 17. Qe2 {[%clk 1:16:49]} c5 {[%clk 0:57:53]} 18. c3
{[%clk 1:16:25]} cxd4 {[%clk 0:57:37]} 19. cxd4 {[%clk 1:15:53]} Qa5+
{[%clk 0:57:10]} 20. Bd2 {[%clk 1:15:37]} Qb6 {[%clk 0:57:06]} 21. Bc3
{[%clk 1:15:19]} h5 {[%clk 0:51:18]} 22. Qe3 {[%clk 1:11:41]} Bg4
{[%clk 0:48:42]} 23. Rf1 {[%clk 1:10:37]} Qc6 {[%clk 0:43:12]} 24. Be4
{[%clk 1:08:13]} Qb6 {[%clk 0:42:10]} 25. g3 {[%clk 1:05:47]} Bxe5
{[%clk 0:39:18]} 26. Qd3 {[%clk 0:59:54]} Rad8 {[%clk 0:34:34]} 27. d5
{[%clk 0:56:02]} Qd6 {[%clk 0:26:50]} 28. Rg1 {[%clk 0:54:32]} Rc8
{[%clk 0:24:36]} 29. Rc1 {[%clk 0:53:54]} Qc5 {[%clk 0:18:41]} 30. Kd2
{[%clk 0:53:10]} Qf2+ {[%clk 0:18:48]} 31. Qe2 {[%clk 0:52:36]} Qxe2#
{[%clk 0:19:10]} 0-1